000 00843cam a22002414a 4500
001 12274335
005 20180110083120.0
008 010109s2001 meua b 000 0 eng
010 _a 2001017018
020 _a1571103295 (pbk. : alk. paper)
040 _aDLC
_cDLC
_dDLC
041 _aeng
042 _apcc
080 _a372.623044 POR
082 0 0 _a372.623044 POR
_221
100 1 _a46
101 _aEDU
245 1 0 _aNonfiction craft lessons :
_cJoAnn Portalupi, Ralph Fletcher.
504 _aIncludes bibliographical references (p. 143-145) and index.
906 _a7
_bcbc
_corignew
_d1
_eocip
_f20
_gy-gencatlg
942 _2ddc
_cBK
999 _c40039
_d40039